[Event "Europa ch 2012 femenino"]
[Site "Gaziantep TUR"]
[Date "2012.03.06"]
[Round "5.26"]
[White "Isgandarova, Khayala"]
[Black "Kaya, Emel"]
[Result "1-0"]
[PlyCount "75"]
[EventDate "2012.03.02"]
[EventType "swiss"]
[EventRounds "11"]
[EventCountry "TUR"]
[Source "lmi"]
[SourceDate "2012.03.02"]
[WhiteElo "2203"]
[BlackElo "1997"]

1. e4 e5 2. Nf3 Nc6 3. d4 exd4 4. Nxd4 Bc5 5. Be3 Qf6 6. c3 Nge7 7. Bc4 O-O 8.
O-O d6 9. f4 Be6 10. Be2 Qh6 11. g4 Ne5 12. Bf3 Bc4 13. g5 Qh4 14. Rf2 Nd3 15.
Nd2 Ba6 16. Rg2 f5 17. gxf6 Qxf6 18. b4 Nxf4 19. Rg4 Qh6 20. Kh1 Bxd4 21. Bxd4
Neg6 22. b5 c5 23. Be3 Ne5 24. Rg3 Nxf3 25. Rxf3 Bxb5 26. Qb3+ Qe6 27. Qxb5 Nh5
28. Raf1 Rxf3 29. Rxf3 Qxa2 30. Qxb7 Rf8 31. Rxf8+ Kxf8 32. Qb8+ Kf7 33. Qxd6
Nf6 34. Qxc5 a5 35. e5 Qd5+ 36. Qxd5+ Nxd5 37. Bd4 a4 38. Nc4 1-0

[Event "Europa ch 2012 femenino"]
[Site "Gaziantep TUR"]
[Date "2012.03.06"]
[Round "5.27"]
[White "Alev, Gonulden Seda"]
[Black "Shaydullina, Sandugach"]
[Result "0-1"]
[PlyCount "74"]
[EventDate "2012.03.02"]
[EventType "swiss"]
[EventRounds "11"]
[EventCountry "TUR"]
[Source "lmi"]
[SourceDate "2012.03.02"]
[WhiteElo "1612"]
[BlackElo "2197"]

1. e4 c5 2. Nf3 d6 3. d4 cxd4 4. Nxd4 Nf6 5. Nc3 e6 6. Be3 Be7 7. f3 a6 8. Qd2
Nbd7 9. Bc4 Ne5 10. Bb3 Bd7 11. O-O-O b5 12. g4 b4 13. Nce2 a5 14. Nf4 Qc8 15.
g5 Ng8 16. c3 a4 17. Bc2 a3 18. b3 bxc3 19. Qg2 Qb7 20. Nd3 Bd8 21. Nxe5 dxe5
22. Ne2 Rc8 23. Rd3 Ba5 24. Qf2 Bb5 25. Rd6 Ne7 26. f4 Nf5 27. fxe5 Nxe3 28.
Qxe3 Bxe2 29. Qxe2 Bc7 30. Rd3 Bxe5 31. h4 h6 32. gxh6 Rxh6 33. h5 Rf6 34. Rhd1
Qb6 35. Kb1 Rf2 36. Qg4 Rxc2 37. Kxc2 Qf2+ 0-1

[Event "Europa ch 2012 femenino"]
[Site "Gaziantep TUR"]
[Date "2012.03.06"]
[Round "5.30"]
[White "Cherednichenko, Elena"]
[Black "Arig, Busra"]
[Result "1/2-1/2"]
[PlyCount "92"]
[EventDate "2012.03.02"]
[EventType "swiss"]
[EventRounds "11"]
[EventCountry "TUR"]
[Source "lmi"]
[SourceDate "2012.03.02"]
[WhiteElo "2130"]
[BlackElo "1839"]

1. d4 f5 2. g3 Nf6 3. Bg2 e6 4. Nf3 Be7 5. O-O O-O 6. c4 d6 7. b3 Ne4 8. Bb2
Nd7 9. Nfd2 Ndf6 10. f3 Nxd2 11. Qxd2 d5 12. Ba3 c6 13. Qb2 Bxa3 14. Nxa3 Qe7
15. Rac1 Bd7 16. Rfd1 Rae8 17. f4 Ne4 18. b4 g5 19. e3 a6 20. Nb1 Qf6 21. a4
Re7 22. b5 axb5 23. cxb5 h5 24. Bxe4 fxe4 25. Rf1 Ref7 26. Qe2 Qg6 27. fxg5 Rf3
28. Nd2 Rxf1+ 29. Rxf1 Rxf1+ 30. Nxf1 Qxg5 31. b6 e5 32. a5 Bc8 33. Qb2 exd4
34. Qxd4 Qg7 35. Qd1 Bg4 36. Qd4 Bc8 37. Nd2 Qe7 38. Qc3 Qg7 39. Qd4 Qe7 40.
Qc3 Qg7 41. Qd4 Qg4 42. Qe5 Qd1+ 43. Nf1 Bh3 44. Qe8+ Kg7 45. Qe7+ Kg8 46. Qe8+
Kg7 1/2-1/2

[Event "Europa ch 2012 femenino"]
[Site "Gaziantep TUR"]
[Date "2012.03.06"]
[Round "5.34"]
[White "Soyunlu, Narmin"]
[Black "Mareckova, Martina"]
[Result "0-1"]
[PlyCount "84"]
[EventDate "2012.03.02"]
[EventType "swiss"]
[EventRounds "11"]
[EventCountry "TUR"]
[Source "lmi"]
[SourceDate "2012.03.02"]
[WhiteElo "1842"]
[BlackElo "2114"]

1. c4 g6 2. g3 Bg7 3. Bg2 d6 4. d4 Nf6 5. Nc3 O-O 6. Nf3 c6 7. O-O Bg4 8. h3
Bxf3 9. Bxf3 e5 10. d5 c5 11. e4 Ne8 12. h4 Nd7 13. Kg2 f5 14. h5 f4 15. hxg6
hxg6 16. Bg4 Bh6 17. Be6+ Kg7 18. Rh1 Nc7 19. Nb5 Nxb5 20. cxb5 Nf6 21. Qd3 Nh5
22. Bg4 Nf6 23. Be6 Nh5 24. Bg4 Nf6 25. Qf3 Nxg4 26. Qxg4 Qe7 27. f3 Rad8 28.
Rxh6 Kxh6 29. gxf4 Kg7 30. f5 Qf7 31. Bg5 Qe7 32. Bc1 Qf7 33. Bg5 gxf5 34. Bf6+
Kxf6 35. Qh4+ Kg7 36. Kf2 Qf6 37. Rg1+ Kf7 38. Qh7+ Ke8 39. Rg7 fxe4 40. Qh5+
Rf7 41. Qh8+ Ke7 42. Rxf7+ Qxf7 0-1

[Event "Europa ch 2012 femenino"]
[Site "Gaziantep TUR"]
[Date "2012.03.06"]
[Round "5.35"]
[White "Cemhan, Kardelen"]
[Black "Martynkova, Olena"]
[Result "1-0"]
[PlyCount "103"]
[EventDate "2012.03.02"]
[EventType "swiss"]
[EventRounds "11"]
[EventCountry "TUR"]
[Source "lmi"]
[SourceDate "2012.03.02"]
[WhiteElo "1954"]
[BlackElo "1689"]

1. e4 e5 2. Nf3 Nc6 3. d4 exd4 4. Nxd4 Bc5 5. Nb3 Bb6 6. a4 a6 7. Nc3 Nge7 8.
Be2 O-O 9. Bg5 f6 10. Bh4 d6 11. O-O Be6 12. Nd5 Bxd5 13. exd5 Ne5 14. a5 Ba7
15. Nd4 Bxd4 16. Qxd4 Nf5 17. Qe4 Nxh4 18. Qxh4 f5 19. Qb4 Rb8 20. f4 Nd7 21.
Rfe1 Nc5 22. Bf3 Re8 23. Qd4 Nd7 24. b4 Qf6 25. Qxf6 Nxf6 26. c4 Kf7 27. Kf2 h6
28. h4 g6 29. Re3 Rxe3 30. Kxe3 Re8+ 31. Kd4 h5 32. c5 Ng4 33. Rc1 Re7 34. c6
bxc6 35. Rxc6 Ne3 36. Rxa6 Nc2+ 37. Kc4 Ne1 38. Rc6 Nxf3 39. gxf3 Ke8 40. a6
Kd7 41. Kb5 Kc8 42. a7 Kb7 43. Ra6 Ka8 44. Kc6 Rf7 45. b5 Rg7 46. b6 cxb6 47.
Kxb6 Rf7 48. Kc6 Rf6 49. Ra3 Rf7 50. Kxd6 Rxa7 51. Rxa7+ Kxa7 52. Kc7 1-0

[Event "Europa ch 2012 femenino"]
[Site "Gaziantep TUR"]
[Date "2012.03.06"]
[Round "5.38"]
[White "Mamedjarova, Zeinab"]
[Black "Pogonina, Natalija"]
[Result "1/2-1/2"]
[PlyCount "138"]
[EventDate "2012.03.02"]
[EventType "swiss"]
[EventRounds "11"]
[EventCountry "TUR"]
[Source "lmi"]
[SourceDate "2012.03.02"]
[WhiteElo "2321"]
[BlackElo "2449"]

1. d4 Nf6 2. Nf3 d5 3. e3 e6 4. Bd3 Be7 5. O-O O-O 6. Nbd2 b6 7. e4 dxe4 8.
Nxe4 Bb7 9. Qe2 Nbd7 10. Bf4 Nxe4 11. Bxe4 Bxe4 12. Qxe4 Nf6 13. Qe2 Nd5 14.
Be5 Bd6 15. Rad1 Qe7 16. Rfe1 Rad8 17. c4 Nf6 18. Qc2 c6 19. Qa4 b5 20. cxb5
cxb5 21. Qxb5 Rb8 22. Qe2 Nd5 23. Rc1 Rb6 24. Rc4 Bb4 25. Rec1 Qb7 26. a3 Be7
27. b4 Qa6 28. Qd3 Rc6 29. Ne1 Rxc4 30. Rxc4 f6 31. Bg3 Rd8 32. h3 Kf7 33. Qb3
Qb5 34. a4 Qd7 35. Nc2 Rc8 36. b5 Bd8 37. Rxc8 Qxc8 38. Ne3 Qc1+ 39. Kh2 Qc3
40. Qc4 Bb6 41. Qe2 Qxd4 42. Qh5+ Ke7 43. Nxd5+ Qxd5 44. Qxh7 Kf7 45. Qc2 e5
46. h4 g6 47. Qc8 Qd4 48. Qh8 Qg4 49. Qh7+ Kf8 50. a5 Bxa5 51. Qxa7 Qb4 52.
Qb8+ Kf7 53. Qb7+ Kf8 54. Qd7 Qc5 55. Qh7 Qxb5 56. Qxg6 Bd8 57. f4 exf4 58.
Bxf4 Qb4 59. Qf5 Qe7 60. h5 Kg8 61. h6 Qf7 62. Bd6 Bb6 63. Qc8+ Kh7 64. Qf5+
Kg8 65. Kh3 Be3 66. Bf4 Bxf4 67. Qxf4 Kh7 68. Qf5+ Kxh6 69. g4 Kg7 1/2-1/2

[Event "Europa ch 2012 femenino"]
[Site "Gaziantep TUR"]
[Date "2012.03.06"]
[Round "5.43"]
[White "Melia, Salome"]
[Black "Videnova, Iva"]
[Result "1/2-1/2"]
[PlyCount "153"]
[EventDate "2012.03.02"]
[EventType "swiss"]
[EventRounds "11"]
[EventCountry "TUR"]
[Source "lmi"]
[SourceDate "2012.03.02"]
[WhiteElo "2400"]
[BlackElo "2301"]

1. e4 c5 2. Nf3 d6 3. d4 cxd4 4. Qxd4 a6 5. c4 Nc6 6. Qe3 g6 7. Be2 Bg7 8. O-O
Nf6 9. h3 O-O 10. Rd1 Nd7 11. Nc3 Nc5 12. Bd2 e5 13. Qg5 Nd4 14. Qxd8 Rxd8 15.
Nxd4 exd4 16. Nd5 Nxe4 17. Ba5 Rf8 18. Bb6 Nc5 19. Nc7 Rb8 20. Ba7 Bf5 21. Bxb8
Rxb8 22. Bf3 Bc2 23. Rf1 d3 24. Rae1 Bxb2 25. Nd5 Ne6 26. Bd1 b5 27. cxb5 Rxb5
28. Ne3 Rc5 29. Kh2 d5 30. g3 Nd4 31. Ng4 Kg7 32. Re7 Nf5 33. Rd7 d4 34. Kg2 h5
35. Nh2 d2 36. Bxc2 Rxc2 37. Rd1 Bc3 38. Kf1 Rc1 39. Ke2 d3+ 40. Rxd3 Nd4+ 41.
Rxd4 Rxd1 42. Kxd1 Bxd4 43. Kxd2 Bxf2 44. g4 Bg3 45. Nf3 h4 46. Kd3 Kf6 47. Ke4
Ke6 48. Ng5+ Ke7 49. Kd5 f5 50. gxf5 gxf5 51. Nf3 Kd7 52. Nd4 f4 53. Nf3 Kc7
54. a4 Kb6 55. Kc4 Kc6 56. Kd4 Kd6 57. Ne5 Bf2+ 58. Ke4 Be1 59. Nd3 Bg3 60.
Nxf4 Kc5 61. Nd3+ Kc4 62. Ke3 a5 63. Kd2 Bd6 64. Kc2 Kd4 65. Kd2 Bc7 66. Ke2
Kc4 67. Kd2 Bb8 68. Kc2 Bd6 69. Nc1 Bb4 70. Nd3 Bc3 71. Nc1 Bd4 72. Nd3 Bb6 73.
Ne5+ Kd5 74. Nf3 Bd8 75. Kd3 Bf6 76. Nd2 Bd8 77. Nc4 1/2-1/2

[Event "Europa ch 2012 femenino"]
[Site "Gaziantep TUR"]
[Date "2012.03.06"]
[Round "5.44"]
[White "Bojkovic, Natasa"]
[Black "Kazimova, Narmin"]
[Result "1-0"]
[PlyCount "105"]
[EventDate "2012.03.02"]
[EventType "swiss"]
[EventRounds "11"]
[EventCountry "TUR"]
[Source "lmi"]
[SourceDate "2012.03.02"]
[WhiteElo "2395"]
[BlackElo "2253"]

1. e4 c5 2. Nf3 e6 3. d4 cxd4 4. Nxd4 Nc6 5. Nb5 d6 6. Bf4 e5 7. Be3 Nf6 8.
N5c3 Be6 9. Bg5 Be7 10. Bxf6 Bxf6 11. Na3 O-O 12. Bc4 a6 13. Bb3 b5 14. Nd5 Bg5
15. c3 Kh8 16. O-O f5 17. exf5 Bxf5 18. Qe2 e4 19. Ne3 Bg6 20. Nac2 Qe8 21. Bd5
Rc8 22. Qg4 Bh6 23. Qe6 Qd8 24. Bxc6 Rxc6 25. Rad1 Bf4 26. Qg4 Rc5 27. Nd5 Be5
28. Nce3 Rc8 29. Rd2 Qe8 30. Qh4 Rf7 31. Ng4 Qe6 32. Nxe5 Qxe5 33. Qg3 Qxg3 34.
hxg3 Bf5 35. Ne3 Be6 36. Rxd6 Bxa2 37. Rxa6 Bb3 38. Rb6 Ba4 39. Re6 Rd7 40.
Rxe4 Bb3 41. Rb4 Bc4 42. Rd1 Rxd1+ 43. Nxd1 Kg8 44. Ne3 Kf7 45. g4 Rc5 46. Kh2
g5 47. Kg3 Kg6 48. Kf3 h5 49. gxh5+ Kxh5 50. g4+ Kh4 51. Nxc4 Rxc4 52. Rxb5
Rf4+ 53. Ke3 1-0

[Event "Europa ch 2012 femenino"]
[Site "Gaziantep TUR"]
[Date "2012.03.06"]
[Round "5.46"]
[White "Gvetadze, Sofio"]
[Black "Guramishvili, Sopiko"]
[Result "1/2-1/2"]
[PlyCount "46"]
[EventDate "2012.03.02"]
[EventType "swiss"]
[EventRounds "11"]
[EventCountry "TUR"]
[Source "lmi"]
[SourceDate "2012.03.02"]
[WhiteElo "2334"]
[BlackElo "2395"]

1. e4 c5 2. Nf3 d6 3. d4 cxd4 4. Nxd4 Nf6 5. Nc3 a6 6. Be3 e5 7. Nb3 Be6 8. f3
Nbd7 9. Qd2 b5 10. a4 b4 11. Nd5 Bxd5 12. exd5 Nb6 13. Bxb6 Qxb6 14. a5 Qb7 15.
Bc4 g6 16. Ra4 Rb8 17. Qd3 Ra8 18. Qd2 Rb8 19. Qd3 Ra8 20. Qd2 Rb8 21. Qd3 Ra8
22. Qd2 Rb8 23. Qd3 Ra8 1/2-1/2

[Event "Europa ch 2012 femenino"]
[Site "Gaziantep TUR"]
[Date "2012.03.06"]
[Round "5.48"]
[White "Chelushkina, Irina"]
[Black "Gaponenko, Inna"]
[Result "0-1"]
[PlyCount "92"]
[EventDate "2012.03.02"]
[EventType "swiss"]
[EventRounds "11"]
[EventCountry "TUR"]
[Source "lmi"]
[SourceDate "2012.03.02"]
[WhiteElo "2263"]
[BlackElo "2416"]

1. d4 Nf6 2. e3 c5 3. c3 cxd4 4. exd4 d5 5. Nf3 g6 6. Bd3 Nc6 7. O-O Bg7 8. Re1
O-O 9. Nbd2 Qc7 10. Nf1 Bg4 11. Be2 Bxf3 12. Bxf3 e5 13. dxe5 Nxe5 14. Bf4
Nxf3+ 15. Qxf3 Qb6 16. Be5 Ne4 17. Bxg7 Kxg7 18. Ne3 Nf6 19. b3 Rac8 20. Red1
Rfd8 21. Rd4 Qa5 22. Rd3 Rc6 23. b4 Qc7 24. g4 h6 25. h4 Qe5 26. Re1 Ne4 27.
Nxd5 Rxd5 28. Rxd5 Qxd5 29. Rxe4 Rc4 30. Re3 Qxf3 31. Rxf3 Rxg4+ 32. Kf1 Rxh4
33. Rd3 Rc4 34. a4 a5 35. bxa5 Rxa4 36. Rd5 Rc4 37. Rb5 Rxc3 38. Rxb7 Ra3 39.
Ra7 Kf6 40. Kg2 h5 41. f3 g5 42. a6 h4 43. Ra8 Kf5 44. a7 Kf4 45. Kh2 f5 46.
Kg2 Ra2+ 0-1

[Event "Europa ch 2012 femenino"]
[Site "Gaziantep TUR"]
[Date "2012.03.06"]
[Round "5.49"]
[White "Repkova, Eva"]
[Black "Manakova, Maria"]
[Result "1-0"]
[PlyCount "151"]
[EventDate "2012.03.02"]
[EventType "swiss"]
[EventRounds "11"]
[EventCountry "TUR"]
[Source "lmi"]
[SourceDate "2012.03.02"]
[WhiteElo "2416"]
[BlackElo "2315"]

1. e4 c5 2. Nf3 Nc6 3. d4 cxd4 4. Nxd4 Nf6 5. Nc3 e5 6. Ndb5 d6 7. Nd5 Nxd5 8.
exd5 Nb8 9. c4 Be7 10. Be2 a6 11. Nc3 O-O 12. O-O f5 13. Kh1 Bg5 14. f4 exf4
15. Bxf4 Bxf4 16. Rxf4 Nd7 17. Qd4 Qf6 18. Qxf6 Rxf6 19. Raf1 Ne5 20. g4 Ng6
21. R4f2 Ne7 22. Na4 b5 23. Nb6 Rb8 24. Nxc8 Rxc8 25. cxb5 axb5 26. Bxb5 Nxd5
27. Bd7 Rc5 28. g5 Rf8 29. Bxf5 Kh8 30. Be6 Rxf2 31. Rxf2 h6 32. Bxd5 Rxd5 33.
gxh6 gxh6 34. Kg2 Kg7 35. Kf3 Ra5 36. b4 Ra3+ 37. Ke4 Ra4 38. Rb2 Kf6 39. Kd5
Ke7 40. Kc6 Ra6+ 41. Kd5 Kd7 42. Rc2 Ra4 43. Kc4 Kc6 44. Kb3+ Kb5 45. a3 Ra8
46. Rc3 Rf8 47. a4+ Kb6 48. Rh3 Rf6 49. a5+ Kc6 50. Ka4 d5 51. Rc3+ Kb7 52. Kb5
d4 53. Rd3 Rf4 54. Kc5 Rh4 55. h3 Rh5+ 56. Kxd4 Rh4+ 57. Kc5 Rh5+ 58. Kc4 Rh4+
59. Kb5 Rh5+ 60. Ka4 Rh4 61. Rg3 Ka7 62. Kb5 Rh5+ 63. Kc6 Rf5 64. b5 Rf6+ 65.
Kc7 Rf7+ 66. Kd6 Rf5 67. Rg7+ Kb8 68. b6 h5 69. Rh7 Rf6+ 70. Kc5 Rf5+ 71. Kc6
Rf6+ 72. Kb5 Rf5+ 73. Ka6 Rf8 74. Rxh5 Ka8 75. Rh7 Kb8 76. h4 1-0

[Event "Europa ch 2012 femenino"]
[Site "Gaziantep TUR"]
[Date "2012.03.06"]
[Round "5.50"]
[White "Borosova, Zuzana"]
[Black "Zhukova, Natalia"]
[Result "0-1"]
[PlyCount "50"]
[EventDate "2012.03.02"]
[EventType "swiss"]
[EventRounds "11"]
[EventCountry "TUR"]
[Source "lmi"]
[SourceDate "2012.03.02"]
[WhiteElo "2302"]
[BlackElo "2435"]

1. e4 e5 2. Nf3 Nc6 3. Bc4 Bc5 4. c3 Nf6 5. d3 O-O 6. O-O d5 7. exd5 Nxd5 8.
Re1 Bg4 9. h3 Bh5 10. g4 Bg6 11. Nxe5 Nxe5 12. Rxe5 c6 13. Bxd5 cxd5 14. Qf3
Qc7 15. Re2 Rae8 16. Rxe8 Rxe8 17. Nd2 Re6 18. Nf1 Rf6 19. Qxd5 Bxf2+ 20. Kg2
h6 21. Be3 Bxe3 22. Nxe3 Qb6 23. Nd1 Rd6 24. Qc4 Rxd3 25. a4 Rd2+ 0-1

[Event "Europa ch 2012 femenino"]
[Site "Gaziantep TUR"]
[Date "2012.03.06"]
[Round "5.51"]
[White "Romanko, Marina"]
[Black "Drljevic, Ljilja"]
[Result "1-0"]
[PlyCount "122"]
[EventDate "2012.03.02"]
[EventType "swiss"]
[EventRounds "11"]
[EventCountry "TUR"]
[Source "lmi"]
[SourceDate "2012.03.02"]
[WhiteElo "2417"]
[BlackElo "2278"]

1. d4 d6 2. e4 Nf6 3. f3 g6 4. Be3 a6 5. a4 Bg7 6. a5 c5 7. dxc5 dxc5 8. Qxd8+
Kxd8 9. Nd2 Nc6 10. c3 Nd7 11. Nb3 Kc7 12. Nxc5 Nxc5 13. Bxc5 Nxa5 14. Bxe7 Re8
15. Rxa5 Rxe7 16. Bd3 b6 17. Ra1 Bb7 18. Nh3 Rd8 19. Ke2 f5 20. Nf2 b5 21. Rhd1
Rd6 22. Kf1 Rf6 23. exf5 gxf5 24. Bc2 Kb6 25. Rd8 a5 26. Rad1 Kc7 27. R8d2 Bh6
28. Re2 Rxe2 29. Kxe2 Re6+ 30. Kf1 Re5 31. Nd3 Rd5 32. f4 a4 33. g3 Bg7 34. Re1
Kd6 35. Nb4 Rd2 36. Re2 Rxe2 37. Kxe2 a3 38. bxa3 Bxc3 39. Bxf5 h6 40. Bc2 Kc5
41. Nd3+ Kd4 42. Ne5 Bb2 43. a4 Kc3 44. Kd1 b4 45. Bd3 Kd4 46. Kc2 Bc3 47. Kb3
Bd5+ 48. Bc4 Be4 49. a5 Ke3 50. a6 h5 51. Nd3 Bd4 52. Nxb4 Bc5 53. Bd5 Bf5 54.
Nc6 Bd3 55. a7 Bxa7 56. Nxa7 Bf5 57. Nc6 Bg4 58. Ne7 Kd4 59. Kc2 Be2 60. Kd2
Bg4 61. Bf3 Bd7 1-0

[Event "Europa ch 2012 femenino"]
[Site "Gaziantep TUR"]
[Date "2012.03.07"]
[Round "6.3"]
[White "Muzychuk, Anna"]
[Black "Kosintseva, Tatiana"]
[Result "1/2-1/2"]
[WhiteElo "2583"]
[BlackElo "2513"]
[PlyCount "82"]
[EventDate "2012.03.02"]
[EventType "swiss"]
[EventRounds "11"]
[EventCountry "TUR"]
[Source "lmi"]
[SourceDate "2012.03.02"]

1. e4 e5 2. Nf3 Nc6 3. Bb5 a6 4. Ba4 Nf6 5. O-O b5 6. Bb3 Bc5 7. a4 Rb8 8. c3
d6 9. d4 Bb6 10. axb5 axb5 11. h3 O-O 12. Re1 Bb7 13. Na3 exd4 14. cxd4 Na5 15.
Bc2 b4 16. Nb1 h6 17. Nbd2 b3 18. Bxb3 Nxb3 19. Qxb3 d5 20. exd5 Bxd5 21. Qd3
c5 22. Nc4 cxd4 23. Bf4 Bxc4 24. Qxc4 Rc8 25. Qd3 Nd5 26. Bd2 Qf6 27. Re5 Nc7
28. Rae1 Rfe8 29. Rxe8+ Rxe8 30. Rxe8+ Nxe8 31. Qe4 Nc7 32. Ne1 Ne6 33. Nd3 Nc5
34. Qe8+ Kh7 35. Nxc5 Bxc5 36. Qe4+ Kg8 37. b4 Bb6 38. Qe8+ Kh7 39. Qe4+ Kg8
40. Qe8+ Kh7 41. Qe4+ Kg8 1/2-1/2

[Event "Europa ch 2012 femenino"]
[Site "Gaziantep TUR"]
[Date "2012.03.07"]
[Round "6.5"]
[White "Cmilyte, Viktorija"]
[Black "Paehtz, Elisabeth"]
[Result "1-0"]
[WhiteElo "2497"]
[BlackElo "2459"]
[PlyCount "85"]
[EventDate "2012.03.02"]
[EventType "swiss"]
[EventRounds "11"]
[EventCountry "TUR"]
[Source "lmi"]
[SourceDate "2012.03.02"]

1. c4 g6 2. d4 Bg7 3. e4 d6 4. Nc3 Nd7 5. Nge2 c5 6. d5 a6 7. a4 Rb8 8. Ng3 h5
9. Be2 Ngf6 10. f4 h4 11. Nf1 Qa5 12. Bd2 Qb6 13. Qc2 Nf8 14. Ne3 Nh5 15. Rf1
Bd4 16. Ra3 Qc7 17. Bd3 Nd7 18. Ne2 Bg7 19. Kf2 Ndf6 20. Kg1 Ng4 21. h3 Nxe3
22. Bxe3 Bd7 23. Bf2 Bf6 24. Qd2 O-O 25. b4 cxb4 26. Qxb4 b6 27. a5 b5 28. c5
dxc5 29. Bxc5 Rfc8 30. Bxe7 Qa7+ 31. Kh1 Bxe7 32. Qxe7 b4 33. Rb3 Ng3+ 34. Nxg3
hxg3 35. e5 Re8 36. Qg5 Ba4 37. Rbb1 Bb5 38. Qxg3 Qd4 39. Rfd1 Ba4 40. Bc2 b3
41. Bxg6 Qb4 42. Bf5+ Kf8 43. Qh4 1-0

[Event "Europa ch 2012 femenino"]
[Site "Gaziantep TUR"]
[Date "2012.03.07"]
[Round "6.7"]
[White "Javakhishvili, Lela"]
[Black "Goryachkina, Aleksandra"]
[Result "1/2-1/2"]
[WhiteElo "2448"]
[BlackElo "2341"]
[PlyCount "113"]
[EventDate "2012.03.02"]
[EventType "swiss"]
[EventRounds "11"]
[EventCountry "TUR"]
[Source "lmi"]
[SourceDate "2012.03.02"]

1. d4 d5 2. Nf3 c6 3. c4 Nf6 4. e3 Bg4 5. h3 Bh5 6. Nc3 e6 7. g4 Bg6 8. Ne5
Nbd7 9. Nxg6 hxg6 10. Bd2 dxc4 11. Bxc4 Nb6 12. Bb3 Bb4 13. Qf3 a5 14. a3 a4
15. Ba2 Ba5 16. g5 Nfd5 17. e4 Nxc3 18. bxc3 Qe7 19. O-O c5 20. d5 c4 21. Be3
exd5 22. exd5 O-O 23. Rfd1 Rad8 24. h4 Qxa3 25. Bxc4 Qxc3 26. Ba2 Nc4 27. Rac1
Nd2 28. Qf4 Qb2 29. Bxd2 Qxa2 30. Bxa5 Rxd5 31. Bc3 b5 32. Ra1 Qb3 33. Rxd5
Qxd5 34. Qe5 Qxe5 35. Bxe5 Ra8 36. Bd6 Rd8 37. Be7 Re8 38. Ba3 Rd8 39. Kg2 Rd3
40. Be7 Rb3 41. Ra3 Rb1 42. Kf3 Rh1 43. Kg3 Rg1+ 44. Kh2 Rd1 45. Kg2 Rd7 46.
Re3 Rd4 47. Re5 b4 48. Rb5 b3 49. Rb8+ Kh7 50. Kg3 Rd2 51. f3 Ra2 52. Bd6 b2
53. Be7 a3 54. Bxa3 Rxa3 55. Rxb2 Ra8 56. Rb7 Kg8 57. Rc7 1/2-1/2

[Event "Europa ch 2012 femenino"]
[Site "Gaziantep TUR"]
[Date "2012.03.07"]
[Round "6.8"]
[White "Charochkina, Daria"]
[Black "Khurtsidze, Nino"]
[Result "0-1"]
[WhiteElo "2371"]
[BlackElo "2447"]
[PlyCount "58"]
[EventDate "2012.03.02"]
[EventType "swiss"]
[EventRounds "11"]
[EventCountry "TUR"]
[Source "lmi"]
[SourceDate "2012.03.02"]

1. e4 c5 2. Nf3 e6 3. d4 cxd4 4. Nxd4 a6 5. Bd3 Nf6 6. O-O d6 7. c4 b6 8. Nc3
Bb7 9. f4 Nbd7 10. Qe2 g6 11. f5 Qe7 12. fxe6 fxe6 13. Bg5 Bg7 14. Nf3 O-O 15.
Rad1 h6 16. Bh4 g5 17. Be1 Nh5 18. h3 Rad8 19. Qe3 Nf4 20. Bb1 Rf7 21. Na4 d5
22. a3 Nc5 23. Nxc5 d4 24. Qb3 bxc5 25. Ba5 Rdf8 26. Rd2 h5 27. Nh2 Be5 28. Nf3
Bb8 29. h4 g4 0-1

[Event "Europa ch 2012 femenino"]
[Site "Gaziantep TUR"]
[Date "2012.03.07"]
[Round "6.9"]
[White "Schleining, Zoya"]
[Black "Repkova, Eva"]
[Result "1/2-1/2"]
[WhiteElo "2326"]
[BlackElo "2416"]
[PlyCount "86"]
[EventDate "2012.03.02"]
[EventType "swiss"]
[EventRounds "11"]
[EventCountry "TUR"]
[Source "lmi"]
[SourceDate "2012.03.02"]

1. d4 d5 2. c4 e6 3. Nc3 Nf6 4. Nf3 c5 5. cxd5 cxd4 6. Qxd4 exd5 7. e4 Nc6 8.
Bb5 Nxe4 9. O-O Nf6 10. Bg5 Be7 11. Bxf6 Bxf6 12. Qc5 Qb6 13. Qxb6 axb6 14.
Nxd5 O-O 15. Nxf6+ gxf6 16. Rfc1 Rd8 17. h3 Rd6 18. a3 Be6 19. Rc3 Rad8 20. Bc4
Na5 21. Bxe6 fxe6 22. Re1 Kf7 23. Re4 Nc6 24. Rb3 Ne7 25. Rh4 Kg7 26. Kh2 R8d7
27. Rhb4 Nd5 28. Rg4+ Kf7 29. Rh4 Kg8 30. Nd2 Rc6 31. Rd4 e5 32. Rdd3 Kf7 33.
Ne4 Ke6 34. Rd2 Rc4 35. Nc3 Rd4 36. Rxd4 exd4 37. Ne2 Ke5 38. Kg3 Rc7 39. Rd3
Rc2 40. Nxd4 Rxb2 41. Nf3+ Ke6 42. Nd4+ Ke5 43. Nf3+ Ke6 1/2-1/2

[Event "Europa ch 2012 femenino"]
[Site "Gaziantep TUR"]
[Date "2012.03.07"]
[Round "6.10"]
[White "Paikidze, Nazi"]
[Black "Ivakhinova, Inna"]
[Result "1-0"]
[WhiteElo "2406"]
[BlackElo "2285"]
[PlyCount "147"]
[EventDate "2012.03.02"]
[EventType "swiss"]
[EventRounds "11"]
[EventCountry "TUR"]
[Source "lmi"]
[SourceDate "2012.03.02"]

1. d4 Nf6 2. c4 c5 3. d5 b5 4. cxb5 a6 5. b6 d6 6. Nc3 Qxb6 7. Nf3 g6 8. e4 Bg7
9. Be2 Nbd7 10. Nd2 O-O 11. Nc4 Qc7 12. Bf4 Nb6 13. Ne3 a5 14. a4 Ba6 15. O-O
Rfb8 16. Bxa6 Rxa6 17. Qe2 Raa8 18. Rfc1 Qd7 19. b3 Qb7 20. Ned1 Qa6 21. Qxa6
Rxa6 22. Rab1 Raa8 23. f3 Nfd7 24. Be3 Ne5 25. Nf2 f5 26. Nb5 fxe4 27. fxe4 Rb7
28. Kf1 Kf7 29. Ke2 Ke8 30. h3 Kd7 31. Nd1 Rc8 32. Nb2 Rbb8 33. Na3 e6 34.
dxe6+ Kxe6 35. Nb5 Rb7 36. Rd1 Rd7 37. Bd2 Ra8 38. Bc3 Bh8 39. Rd2 Nf7 40. Bxh8
Rxh8 41. Nd3 Ne5 42. Nf4+ Ke7 43. Rbd1 Rhd8 44. Nd5+ Nxd5 45. Rxd5 Ke6 46. Kd2
Nc6 47. Kc3 Ne5 48. R5d2 Nf7 49. Na3 Ne5 50. Nc4 Nxc4 51. bxc4 Rb7 52. Rd5 Rdd7
53. Re1 Rb4 54. e5 Rxa4 55. exd6+ Kf6 56. Rd2 Rb4 57. Rf2+ Kg7 58. Re7+ Rxe7
59. dxe7 Rb8 60. Rf8 Rxf8 61. exf8=Q+ Kxf8 62. Kb3 Ke7 63. Ka4 g5 64. Kxa5 h5
65. Kb5 Kd6 66. Kb6 h4 67. Kb5 Ke5 68. Kxc5 Kf4 69. Kd4 g4 70. c5 gxh3 71. gxh3
Kg3 72. Ke3 Kxh3 73. Kf2 Kh2 74. c6 1-0

[Event "Europa ch 2012 femenino"]
[Site "Gaziantep TUR"]
[Date "2012.03.07"]
[Round "6.11"]
[White "Michna, Marta"]
[Black "Khotenashvili, Bela"]
[Result "1/2-1/2"]
[WhiteElo "2383"]
[BlackElo "2490"]
[PlyCount "117"]
[EventDate "2012.03.02"]
[EventType "swiss"]
[EventRounds "11"]
[EventCountry "TUR"]
[Source "lmi"]
[SourceDate "2012.03.02"]

1. Nf3 g6 2. e4 Bg7 3. d3 c5 4. g3 Nc6 5. Bg2 d6 6. a4 Rb8 7. c3 e5 8. O-O Nge7
9. Be3 h6 10. b4 cxb4 11. cxb4 Nxb4 12. Bxa7 Ra8 13. Be3 Be6 14. Na3 d5 15. Rb1
Nbc6 16. Rxb7 d4 17. Bd2 O-O 18. Nh4 Qc8 19. Rb2 f6 20. Nb5 Qd7 21. Qa1 Ra6 22.
Bf3 f5 23. Bd1 fxe4 24. dxe4 Kh7 25. Bb3 Bh3 26. Re1 Bg4 27. Qa3 g5 28. Nf5
Nxf5 29. exf5 Bxf5 30. Nd6 Bg6 31. Bc4 Ra7 32. Bd3 Bxd3 33. Qxd3+ Kh8 34. Ne4
Ne7 35. a5 Nd5 36. Qb5 Qf7 37. Qe2 Nf6 38. Bb4 Rb8 39. Nd6 Qd7 40. Qxe5 Raa8
41. Qf5 Ra6 42. Qg6 Rxd6 43. Bxd6 Rxb2 44. Re7 Rb1+ 45. Qxb1 Qxd6 46. Rb7 d3
47. Rb8+ Bf8 48. Rb3 d2 49. Rd3 Qc7 50. Rxd2 Qxa5 51. Rb2 Qd5 52. Rb8 Qd6 53.
Qb3 Kg7 54. Rb6 Qd5 55. Qb2 Qd1+ 56. Kg2 Qd5+ 57. Kg1 Qd1+ 58. Kg2 Qd5+ 59. Kg1
1/2-1/2